[Event "FSIM December"]
[Site "Budapest HUN"]
[Date "2003.12.09"]
[Round "4"]
[White "Seel,C"]
[Black "Humphrey,J"]
[Result "1-0"]
[WhiteElo "2315"]
[BlackElo "2217"]

1.Nf3 Nf6 2.c4 b6 3.g3 c5 4.Bg2 Bb7 5.O-O e6 6.Nc3 Be7 7.Re1 d6 8.e4 a6 9.d4 cxd4
10.Nxd4 Qc7 11.Be3 Nbd7 12.f4 h5 13.h3 O-O 14.g4 hxg4 15.hxg4 Nc5 16.Bf2 d5
17.exd5 Qxf4 18.Be3 Qxg4 19.b4 Ncd7 20.Qxg4 Nxg4 21.d6 Bf6 22.Bxb7 Nxe3 23.Nc6 Nf5
24.Rac1 Rae8 25.Ne4 Bh4 26.Re2 g6 27.c5 Kg7 28.Rd1 e5 29.Bxa6 Ng3 30.Nxg3 Bxg3
31.Bb5 bxc5 32.Ne7  1-0

[Event "FSIM December"]
[Site "Budapest HUN"]
[Date "2003.12.11"]
[Round "6"]
[White "Seel,C"]
[Black "Fodor,T jr"]
[Result "1-0"]
[WhiteElo "2315"]
[BlackElo "2137"]

1.Nf3 Nf6 2.c4 e6 3.g3 b6 4.Bg2 Bb7 5.O-O c5 6.Nc3 Be7 7.Re1 d5 8.cxd5 exd5
9.d4 O-O 10.Bf4 Nbd7 11.dxc5 Bxc5 12.Nd4 Ne4 13.Nxe4 dxe4 14.Nf5 Nf6 15.a3 a5
16.Rb1 a4 17.Be3 Bxe3 18.Nxe3 Qe7 19.Qd4 Qe6 20.Red1 h6 21.Qb4 b5 22.Rd6 Qe5
23.Rb6 Ba6 24.Rd1 Rfb8 25.Rbd6 Bb7 26.h3 h5 27.Rb6 Ba6 28.Rc6 Rc8 29.Rcd6 Bb7
30.Rb6 Bc6 31.Rd6 Be8 32.Qd2 Qc5 33.Kh2 Rc6 34.Rbxc6 Bxc6 35.Qd4 Qxd4 36.Rxd4 Rc8
37.Nd1 Kf8 38.Nc3 Re8 39.Rd6 Re6 40.Rxe6 fxe6 41.e3 Ke7 42.Bf1 Nd5 43.Nxb5 Bxb5
44.Bxb5 Nb6 45.Be2 g6 46.Bd1 Kd6 47.b3 axb3 48.Bxb3 Nd7 49.h4 Nc5 50.Bc2 Kd5
51.Kg2 Kc4 52.a4 Kc3 53.Bd1 e5 54.g4 hxg4 55.Bxg4 Kb4 56.Bd1 Nd7 57.Bc2 Nf6
58.Kg3 Ka5 59.f3 Kb4 60.Bxe4 Kxa4 61.Bxg6 Kb5 62.h5 Ng8 63.Kg4 Kc5 64.Kg5  1-0

[Event "Salona GM"]
[Site "Solin-Split CRO"]
[Date "2003.12.16"]
[Round "5"]
[White "Kurajica,B"]
[Black "Shariyazdanov,A"]
[Result "1/2-1/2"]
[WhiteElo "2557"]
[BlackElo "2580"]

1.Nf3 c5 2.c4 Nf6 3.g3 b6 4.Bg2 Bb7 5.O-O e6 6.b3 Be7 7.Bb2 O-O 8.e3 d5 9.Qe2 Nc6
10.d3 Qd7 11.Nbd2 Rfd8  1/2-1/2

[Event "Christmas Open"]
[Site "Zurich SUI"]
[Date "2003.12.27"]
[Round "2"]
[White "Greenfeld,A"]
[Black "Broennimann,M"]
[Result "1-0"]
[WhiteElo "2527"]
[BlackElo "2240"]

1.Nf3 Nf6 2.c4 e6 3.g3 b6 4.Bg2 Bb7 5.O-O c5 6.Nc3 Be7 7.Re1 O-O 8.e4 d6
9.d4 cxd4 10.Nxd4 Qc7 11.Ndb5 Qc6 12.Bg5 Rd8 13.Rc1 a6 14.Nd4 Qc7 15.Nd5 exd5
16.cxd5 Qd7 17.Nf5 Nxd5 18.exd5 Bxg5 19.Qg4 Bc8 20.Qxg5 f6 21.Qh5 g6 22.Nh6+ Kg7
23.Qh4 Ra7 24.Re6 Rf8 25.Ng4 Qd8 26.Qh6+ Kg8 27.Nxf6+ Kh8 28.Qxf8+  1-0

[Event "Open"]
[Site "Interlaken SUI"]
[Date "2003.12.29"]
[Round "5"]
[White "Benkovic,P"]
[Black "Vidonyak,N"]
[Result "1-0"]
[WhiteElo "2463"]
[BlackElo "2230"]

1.Nf3 Nf6 2.c4 e6 3.g3 b6 4.Bg2 Bb7 5.O-O c5 6.Nc3 Be7 7.b3 O-O 8.Bb2 d6
9.e3 Nbd7 10.d4 Ne4 11.Rc1 Nxc3 12.Bxc3 Bf6 13.Re1 Be4 14.Re2 Qc7 15.Rd2 Rfd8
16.Ne1 Bxg2 17.Kxg2 Rac8 18.Rcc2 h6 19.Qf3 Qb8 20.Rd1 Qa8 21.Qxa8 Rxa8 22.f4 Rac8
23.Rcd2 Nb8 24.Nf3 d5 25.cxd5 Rxd5 26.e4 Rdd8 27.e5 Be7 28.dxc5 Rxd2+ 29.Nxd2 Bxc5
30.Ne4 Be7 31.Kf3 Kf8 32.g4 g6 33.h4 Na6 34.h5 gxh5 35.gxh5 Nc7 36.Bd2 Nb5
37.Be3 Ke8 38.a4 Nc7 39.f5 exf5 40.Nd6+ Kd7 41.Nxc8+ Kxc8 42.Bxh6  1-0

[Event "FSIM February"]
[Site "Budapest HUN"]
[Date "2004.02.17"]
[Round "11"]
[White "Werner,Di"]
[Black "Fodor,T jr"]
[Result "1-0"]
[WhiteElo "2349"]
[BlackElo "2130"]

1.Nf3 Nf6 2.c4 c5 3.g3 b6 4.Bg2 Bb7 5.O-O e6 6.Nc3 Be7 7.Re1 d5 8.cxd5 exd5
9.d4 O-O 10.b3 Nc6 11.e3 Qd7 12.Bb2 Rad8 13.Rc1 Ne4 14.dxc5 Nxc3 15.Bxc3 bxc5
16.Ne5 Nxe5 17.Bxe5 Rfe8 18.Bb2 Bf8 19.Qf3 Ba8 20.Qh5 d4 21.Bxa8 Rxa8 22.exd4 cxd4
23.Rxe8 Rxe8 24.Rd1 d3 25.Qf3 Rd8 26.Bc3 Qb5 27.Kg2 a5 28.Qe4 h6 29.h4 Bb4
30.a4 Qa6 31.Bxb4 axb4 32.Rd2 Qd6 33.Qc4 Rd7 34.a5 Kh8 35.a6 Ra7 36.Rxd3 Qxa6
37.Qxa6 Rxa6 38.Rd8+ Kh7 39.Rb8 Ra2 40.Rxb4 g5 41.h5 Kg7 42.g4 Rc2 43.Rc4 Rb2
44.Rc3 Rd2 45.Kf1 Rd4 46.f3 f5 47.gxf5 Kf6 48.Ke2 Kxf5 49.Rc5+ Kf6 50.Rc4 Rd6
51.Ke3 Re6+ 52.Re4 Rb6 53.b4 Rb5 54.Rc4 Rb8 55.Kd3 Kf5 56.Kc3 Re8 57.b5 Re3+
58.Kb4 Rxf3 59.b6 Rf1 60.Kb5 Rb1+ 61.Rb4 Re1 62.b7 Re8 63.Rc4 Rb8 64.Kb6 g4
65.Rc8 Rxb7+ 66.Kxb7 Kg5 67.Kc6 Kxh5 68.Kd5 Kh4 69.Ke4 h5 70.Rh8 Kg5 71.Rg8+ Kh4
72.Kf4 Kh3 73.Rg5 Kh4 74.Ra5  1-0

[Event "Tringov mem Open"]
[Site "Plovdiv BUL"]
[Date "2004.02.19"]
[Round "6"]
[White "Tadic,B"]
[Black "Pantev,V"]
[Result "0-1"]
[WhiteElo "2473"]
[BlackElo "2354"]

1.Nf3 e6 2.c4 Nf6 3.g3 b6 4.Bg2 Bb7 5.O-O c5 6.Nc3 Be7 7.b3 d6 8.Bb2 a6 9.d4 cxd4
10.Nxd4 Bxg2 11.Kxg2 Qc7 12.e3 Qb7+ 13.Qf3 Qxf3+ 14.Kxf3 Kd7 15.Rfd1 Nc6
16.Nce2 Rhc8 17.Nxc6 Rxc6 18.a4 Ke8 19.e4 g6 20.Rab1 Nd7 21.Ke3 Rb8 22.f4 Rcc8
23.Nd4 Rb7 24.Ba3 Nc5 25.Rdc1 Rbc7 26.Nf3 Rd7 27.Rd1 Rcd8 28.a5 bxa5 29.Bxc5 dxc5
30.Rxd7 Rxd7 31.Ra1 Rb7 32.Nd2 Bd8 33.e5 Kd7 34.Ra3 Kc6 35.Ne4 Be7 36.g4 a4
37.bxa4 Rb1 38.Ra2 Rb3+ 39.Ke2 Rh3 40.Kf1 Re3 41.Re2 Ra3 42.g5 Rxa4 43.Rc2 Ra3
44.Nc3 Bd8 45.Ke2 Ba5 46.Ne4 Rh3 47.Kd1 Bb4 48.Rf2 a5 49.Nd6 Ra3 50.Kc1 Bc3
51.Re2 Bd4 52.Re4 Re3 53.Kd2 Rxe4 54.Nxe4 a4 55.Kc2 Be3 56.Nd6 Bxf4 57.Nxf7 Bxh2
58.Nd6 Kd7 59.Nb7 Bg1 60.Kb2 Bd4+ 61.Ka3 Kc7 62.Nd6 Bxe5 63.Ne4 Bf4 64.Kxa4 Kc6
65.Ka5  0-1

[Event "Premier"]
[Site "Portsmouth ENG"]
[Date "2004.02.21"]
[Round "4"]
[White "Schlette,M"]
[Black "Simmons,Mat"]
[Result "1-0"]
[WhiteElo "2175"]
[BlackElo "2065"]

1.Nf3 c5 2.c4 Nf6 3.g3 b6 4.Bg2 Bb7 5.O-O e6 6.Nc3 Be7 7.d4 cxd4 8.Qxd4 Nc6
9.Qf4 Qb8 10.Rd1 Na5 11.Nb5 Qxf4 12.Bxf4 Rc8 13.b3 a6 14.Nd6+ Bxd6 15.Bxd6 Ne4
16.Bb4 Nc6 17.Ba3 b5 18.Rac1 bxc4 19.Rxc4 d5 20.Rcc1 f5 21.Ne1 Kf7 22.Nd3 a5
23.f3 Nf6 24.Nc5 Ba8 25.Na4 Bb7 26.Nc5 Ba8 27.e3 e5 28.f4 e4 29.Bb2 Rhd8
30.h3 Ne8 31.Bf1 Nc7 32.Na4 Bb7 33.Nb6 Ne6 34.Nxc8 Rxc8 35.Rxd5 Ne7 36.Rdd1 Rg8
37.Bc4 g5 38.Rd6 Bc8 39.Kh2 h5 40.Be5 h4 41.gxh4 g4 42.Bxe6+ Bxe6 43.Rc7 Rg6
44.Ra6 Rh6 45.Raa7  1-0

[Event "It"]
[Site "Pinamar ARG"]
[Date "2004.03.27"]
[Round "4"]
[White "Szmetan,R"]
[Black "Hellsten,J"]
[Result "1/2-1/2"]
[WhiteElo "2311"]
[BlackElo "2548"]

1.Nf3 Nf6 2.c4 b6 3.g3 c5 4.Bg2 Bb7 5.O-O e6 6.b3 a6 7.Bb2 Be7 8.e3 O-O 9.d4 cxd4
10.Nxd4 Qc7 11.Bxb7 Qxb7 12.Qf3 Qxf3 13.Nxf3 b5 14.cxb5 axb5 15.Nc3 b4 16.Na4 Ne4
17.Rfd1 Nc5 18.Nxc5 Bxc5 19.Ne5 d5 20.Nd3 Be7 21.Rdc1 Nd7 22.Rc7 Rfd8 23.Ne5 Nxe5
24.Bxe5 Bf8 25.Rc2 Ra6 26.Rd1 Rda8 27.Rdd2 h5 28.h4 Kh7 29.Bd4 Ra5 30.Kg2 Kg6
31.Kf3 Kf5 32.Ke2 f6 33.f3 e5 34.Ba1 e4 35.Bd4 R8a6 36.Kf2 Bd6 37.Kg2 exf3+
38.Kxf3 g5 39.Kg2 gxh4 40.gxh4 Ke6 41.Kf3  1/2-1/2

[Event "2nd Nabokov Mem"]
[Site "Kiev UKR"]
[Date "2004.04.13"]
[Round "2"]
[White "Matorin,E"]
[Black "Kochetkov,Vit"]
[Result "0-1"]
[WhiteElo "2307"]
[BlackElo "2356"]

1.Nf3 c5 2.c4 Nf6 3.g3 b6 4.Bg2 Bb7 5.O-O e6 6.Nc3 Be7 7.b3 O-O 8.Bb2 d5
9.cxd5 Nxd5 10.Nxd5 Bxd5 11.Qc2 Bf6 12.Rfd1 Bxb2 13.Qxb2 Nd7 14.Rac1 Rc8
15.d4 Qf6 16.Ne5 Rfd8 17.e4 Ba8 18.Nxd7 Rxd7 19.e5 Qd8 20.Bxa8 Rxa8 21.b4 Rxd4
22.Rxd4 Qxd4 23.Qxd4 cxd4 24.Kf1 f6 25.f4 Kf7 26.Rc4 Rd8 27.Rc7+ Kg6 28.Rxa7 fxe5
29.fxe5 Kf5 30.Rxg7 Kxe5 31.Ke2 Ra8 32.Rg5+ Kf6 33.Rb5 Rxa2+ 34.Kd3 e5 35.Rxb6+ Kf5
36.Rh6 Ra3+ 37.Kc2 Ke4 38.Rd6 Ke3 39.b5 e4 40.b6 Rc3+ 41.Kb2 Rc5 42.Ka3 Rb5
43.Ka4 Rb1 44.Ka5 d3  0-1

[Event "2nd Nabokov Mem"]
[Site "Kiev UKR"]
[Date "2004.04.21"]
[Round "11"]
[White "Stopkin,V"]
[Black "Moliboga,V"]
[Result "1/2-1/2"]
[WhiteElo "2229"]
[BlackElo "2329"]

1.Nf3 Nf6 2.c4 c5 3.g3 b6 4.Bg2 Bb7 5.O-O e6 6.b3 d6 7.d3 Be7 8.Bb2 O-O 9.Nc3 Nbd7
10.e4 a6 11.Ne1 Ne5 12.Nc2 Nc6 13.f4 Qc7 14.g4 Nd7 15.g5 Rfe8 16.Qg4 b5 17.Ne2 bxc4
18.dxc4 Nb4 19.Ne3 a5 20.f5 exf5 21.Qxf5 Rf8 22.Nf4 Ne5 23.Nfd5 Nxd5 24.Nxd5 Bxd5
25.exd5 g6 26.Qc2 Bxg5 27.Bxe5 dxe5 28.d6 Qxd6 29.Bxa8 Rxa8 30.Qe2 Qd4+ 31.Kh1 Ra7
32.Rad1 Qe3 33.Qg2 Bf4 34.Rfe1 Qc3 35.Re2 a4 36.Rc2 Qa5 37.Qc6 axb3 38.axb3 Kg7
39.Kg2 Qb4 40.Qb5 Rb7 41.Qxb4 Rxb4 42.Rd5 Be3 43.Rxe5 Rxb3 44.Re7 Bd4 45.Rc7 h5
46.h4 Ra3 47.Re2 Ra6 48.Ree7 Rf6 49.Kh3 Rf3+ 50.Kg2 Rf4 51.Kg3 Rf5 52.Kg2 Bf2
53.Re4 Kh6 54.Kh3 Bd4 55.Ree7 Kg7 56.Re4 Rf1 57.Kg2 Rf5 58.Kg3 g5 59.hxg5 Kg6
60.Ree7 Bf2+ 61.Kg2 Bd4 62.Red7 Rf4 63.Rd5 h4 64.Rc6+ Kh5 65.g6+ f5 66.g7 Bxg7
67.Rcxc5 Kg4 68.Rd3 Re4 69.Rc6 Be5 70.Rg6+ Kh5 71.Re6 Kg4 72.c5 Bg3 73.Rxe4+ fxe4
74.Rb3 h3+ 75.Kh1 Be5 76.c6 h2 77.Kg2 Bf4 78.Rb7 e3 79.Re7 h1=Q+ 80.Kxh1 Kf3
81.c7 Bxc7 82.Rxc7 e2 83.Re7 Kf2 84.Rf7+ Kg3 85.Re7 Kf2  1/2-1/2

[Event "FSGM May"]
[Site "Budapest HUN"]
[Date "2004.05.02"]
[Round "2"]
[White "Volke,K"]
[Black "Paschall,W"]
[Result "1/2-1/2"]
[WhiteElo "2458"]
[BlackElo "2381"]

1.Nf3 Nf6 2.c4 b6 3.g3 Bb7 4.Bg2 c5 5.O-O e6 6.Nc3 a6 7.Re1 Be7 8.e4 d6 9.d4 cxd4
10.Nxd4 Qc7 11.Be3 O-O 12.Rc1 Nbd7 13.f4 g6 14.Bf2 Rac8 15.b3 Qb8 16.e5 Ne8
17.exd6 Nxd6 18.Bxb7 Qxb7 19.Qf3 Rfd8 20.Nd5 Bf8 21.Nb4 Qxf3 22.Nxf3 Nxc4
23.Nxa6 Nb2 24.Bd4 Nd3 25.Rxc8 Rxc8 26.Rd1 Rc1 27.Rxc1 Nxc1 28.Kf1 Nxa2 29.Ne5 Nxe5
30.fxe5 b5 31.Bb2 Nb4 32.Nxb4 Bxb4 33.Ke2 h5 34.Kf3 Be7 35.h3 Kg7 36.Ke4 f6
37.exf6+ Bxf6 38.Bc1 Kf7 39.Bd2 Ke7 40.g4 hxg4 41.hxg4 Kd6 42.Be3 Bc3 43.Bf2 Bb4
44.Bg3+ Kc6 45.Bf2 Bc5 46.Be1 Bd6 47.Bf2 Kb7 48.Be3 Ka6 49.Bf2 Ka5 50.Be1+ Bb4
51.Bf2 Bc3 52.Bc5  1/2-1/2

[Event "Capablanca Mem Premier I"]
[Site "Havana CUB"]
[Date "2004.05.19"]
[Round "13"]
[White "Garcia Martinez,S"]
[Black "Hernandez,Hol"]
[Result "1/2-1/2"]
[WhiteElo "2355"]
[BlackElo "2426"]

1.Nf3 Nf6 2.c4 e6 3.g3 b6 4.Bg2 Bb7 5.O-O c5 6.Nc3 Be7 7.Re1 d6 8.e4 e5 9.d3 O-O
10.a3 Nc6 11.Rb1 a5 12.h3 Nd4 13.b3 Nxf3+ 14.Bxf3 Ne8 15.Bg2 Bg5 16.b4 Bxc1
17.Qxc1 axb4 18.axb4 Bc6 19.Qb2 Nc7 20.b5 Bb7 21.Ra1 Rb8 22.Ra7 Ne6 23.Ne2 Qc8
24.f4 exf4 25.Nxf4 Nd4 26.Ne2 Ne6 27.Nf4 Nd4  1/2-1/2

[Event "22nd LIE-Open"]
[Site "Triesen LIE"]
[Date "2004.05.22"]
[Round "9"]
[White "Dittmar,P"]
[Black "Srienz,C"]
[Result "1-0"]
[WhiteElo "2353"]
[BlackElo "2222"]

1.Nf3 Nf6 2.c4 c5 3.g3 b6 4.Bg2 Bb7 5.O-O e6 6.b3 Be7 7.Bb2 O-O 8.Qc2 d6
9.Ng5 Bxg2 10.Bxf6 g6 11.Nxf7 Rxf7 12.Bxe7 Qxe7 13.Kxg2 Nd7 14.Nc3 Raf8 15.Rad1 Ne5
16.Qe4 Nd7 17.d4 Nf6 18.Qd3 cxd4 19.Qxd4 d5 20.cxd5 exd5 21.Rd3 Qd6 22.Rf3 h5
23.Rd1 h4 24.gxh4 Ng4 25.Qxd5 Qxd5 26.Rxd5 Nxf2 27.Kxf2  1-0

[Event "TCh-BIH"]
[Site "Neum BIH"]
[Date "2004.05.29"]
[Round "1"]
[White "Cvitan,O"]
[Black "Golubovic,B"]
[Result "1/2-1/2"]
[WhiteElo "2524"]
[BlackElo "2424"]

1.Nf3 c5 2.c4 b6 3.g3 Bb7 4.Bg2 Nf6 5.O-O e6 6.Nc3 Be7 7.d4 cxd4 8.Qxd4 d6
9.Bg5 a6 10.Bxf6 Bxf6 11.Qd3 Bxc3 12.Qxc3  1/2-1/2

[Event "TCh-BIH"]
[Site "Neum BIH"]
[Date "2004.06.05"]
[Round "8"]
[White "Stojanovic,Da"]
[Black "Vucic,M"]
[Result "1/2-1/2"]
[WhiteElo "2437"]
[BlackElo "2413"]

1.Nf3 Nf6 2.c4 c5 3.g3 b6 4.Bg2 Bb7 5.O-O e6 6.b3 Be7 7.Bb2 O-O 8.e3 d6 9.Qe2 Nbd7
10.d3 Qc7  1/2-1/2

[Event "TCh-CRO"]
[Site "Rabac CRO"]
[Date "2004.06.21"]
[Round "1"]
[White "Cvitan,O"]
[Black "Juric,G"]
[Result "1-0"]
[WhiteElo "2524"]
[BlackElo "2298"]

1.Nf3 Nf6 2.c4 b6 3.g3 Bb7 4.Bg2 e6 5.O-O c5 6.Nc3 Be7 7.Re1 O-O 8.e4 d6
9.d4 cxd4 10.Nxd4 Qc8 11.Be3 Nc6 12.b3 Rd8 13.Rc1 Nxd4 14.Bxd4 Bc6 15.Nd5 Qb7
16.Bxf6 Bxf6 17.Nxf6+ gxf6 18.Rc3 Kf8 19.Qh5 Ke7 20.Rd3 Rg8 21.b4 e5 22.Red1 Rad8
23.b5 Bxe4 24.Bxe4 Qxe4 25.R1d2 Qxc4 26.Qxh7 d5 27.a4 d4 28.Qe4 Qd5 29.Qe2 Kd6
30.Qd1 Kc7 31.a5 Rh8 32.h4 bxa5 33.Qa4 Kb8 34.Qxa5 Rc8 35.Qa6 Rxh4 36.gxh4 Rh8
37.Rg3 Qe4 38.b6 Qxh4  1-0

[Event "5th Open"]
[Site "Marseille FRA"]
[Date "2004.06.27"]
[Round "2"]
[White "Guidarelli,L"]
[Black "Vuckovic,Bo"]
[Result "1/2-1/2"]
[WhiteElo "2444"]
[BlackElo "2533"]

1.Nf3 Nf6 2.c4 c5 3.g3 b6 4.Bg2 Bb7 5.O-O e6 6.Nc3 Be7 7.d4 cxd4 8.Qxd4 d6
9.Rd1 a6 10.b3 Nbd7 11.e4 Qc8 12.Bb2 O-O 13.Nd2 Qc7 14.Rac1 Rfe8 15.a3 Rac8
16.b4 Bf8 17.h3 Qb8 18.Kh2 Ba8 19.Qd3 h5 20.f4 g6 21.Re1 Rcd8 22.Nf3 Bg7
23.Rc2 Bh6  1/2-1/2

[Event "ch-SLO"]
[Site "Maribor SLO"]
[Date "2004.07.03"]
[Round "8"]
[White "Velickovic,Z"]
[Black "Sakelsek,T"]
[Result "0-1"]
[WhiteElo "2421"]
[BlackElo "2374"]

1.Nf3 Nf6 2.g3 b6 3.Bg2 Bb7 4.c4 c5 5.O-O e6 6.Nc3 Be7 7.Re1 d6 8.e4 a6 9.d4 cxd4
10.Nxd4 Qc7 11.Be3 O-O 12.Rc1 Nbd7 13.f4 Rac8 14.g4 Nc5 15.Bf2 d5 16.e5 Nfe4
17.Nxe4 dxe4 18.Rc2 Nd3 19.Bxe4 Nxe1 20.Qxe1 Bxe4 21.Qxe4 Rfd8 22.f5 exf5
23.gxf5 Bc5 24.Nf3 Rd1+ 25.Kg2 Qc6 26.Qe2 Rcd8 27.Bxc5 bxc5 28.Kf2 Qd7 29.Qe4 Qd3
30.Re2 Qxe4 31.Rxe4 Kf8 32.e6 Re8 33.Re5 fxe6 34.Rxc5 Rb1 35.b3 Rb2+ 36.Kg3 Rxa2
37.Nd4 exf5 38.Rxf5+ Kg8 39.Rd5 Rd2 40.Kf4 Rxh2 41.c5 Rf2+ 42.Kg3 Rd2 43.c6 Rc8  0-1

[Event "TCh-GRE"]
[Site "Aghia Pelagia GRE"]
[Date "2004.07.05"]
[Round "2"]
[White "Gustafsson,J"]
[Black "Hellsten,J"]
[Result "1/2-1/2"]
[WhiteElo "2611"]
[BlackElo "2557"]

1.Nf3 Nf6 2.c4 b6 3.g3 c5 4.Bg2 Bb7 5.O-O e6 6.Nc3 a6 7.d4 cxd4 8.Qxd4 d6
9.Bg5 Nbd7 10.Rfd1 Be7 11.Qd2 Qc8 12.Bf4 Nc5 13.Qe3 Ng4 14.Qc1 Qc7 15.Qd2 Rd8
16.Rac1 Ne4 17.Nxe4 Bxe4 18.Qd4 Nf6 19.Be3 Rb8 20.Bg5 Ba8 21.b3 Rd8 22.Be3 Rb8
23.Bg5 Rd8 24.Be3 Rb8  1/2-1/2

[Event "FSGM July"]
[Site "Budapest HUN"]
[Date "2004.07.05"]
[Round "3"]
[White "McDonald,N"]
[Black "Paschall,W"]
[Result "1/2-1/2"]
[WhiteElo "2380"]
[BlackElo "2381"]

1.Nf3 Nf6 2.c4 b6 3.g3 Bb7 4.Bg2 c5 5.O-O e6 6.Nc3 a6 7.b3 Be7 8.Bb2 O-O
9.e3 b5 10.cxb5 axb5 11.Nxb5 Ba6 12.a4 Qb6 13.Qe2 Nc6 14.d4 Rab8 15.dxc5 Bxb5
16.axb5 Qxb5 17.Qxb5 Rxb5 18.Nd4 Nxd4 19.Bxd4 Bxc5 20.Bxc5 Rxc5 21.b4 Rb5
22.Rfb1 Rfb8 23.Bf1 R5b7 24.b5 Kf8 25.Bd3 Nd5 26.Rb3 Rc7 27.Kf1 Ke7 28.Ke2 h6
29.Kd2 Nb6 30.Rc3 Rcb7 31.e4 d5 32.e5 f6 33.exf6+ Kxf6 34.Rc6 Nc4+ 35.Bxc4 dxc4
36.Re1 Rxb5 37.Rcxe6+ Kf7 38.Re7+ Kf8 39.Kc3 Rh5 40.h4 Rf5 41.R7e2 Rb3+ 42.Kxc4 Rbf3
43.Kd4  1/2-1/2

[Event "FSGM July"]
[Site "Budapest HUN"]
[Date "2004.07.09"]
[Round "7"]
[White "Nagle,S"]
[Black "Reiss,T"]
[Result "0-1"]
[WhiteElo "2375"]
[BlackElo "2408"]

1.Nf3 c5 2.c4 b6 3.g3 Bb7 4.Bg2 Nf6 5.O-O e6 6.Nc3 Be7 7.Re1 d6 8.e4 Nbd7
9.d4 cxd4 10.Nxd4 Qc7 11.f4 O-O 12.f5 e5 13.Nb3 Qxc4 14.g4 Nc5 15.Nxc5 dxc5
16.Qf3 Rfd8 17.g5 Ne8 18.Bf1 Qb4 19.Qg4 c4 20.a3 Qa5 21.Be3 Rac8 22.Kh1 b5
23.Qg1 Ra8 24.Qg3 Bd6 25.Qh4 Be7 26.f6 Bf8 27.fxg7 Nxg7 28.Bh3 Rd3 29.Qf2 Qa6
30.Rf1 Qg6 31.Nd5 Bxd5 32.exd5 a6 33.Bg2 Re8 34.a4 b4 35.Rac1 c3 36.bxc3 bxc3
37.Kg1 e4 38.Rcd1 Nf5 39.Bc1 Rxd1 40.Rxd1 e3 41.Qe2 Qxg5 42.Kh1 Qh4 43.Qe1 c2  0-1

[Event "Open"]
[Site "Olomouc CZE"]
[Date "2004.07.09"]
[Round "6"]
[White "Grunberg,M"]
[Black "Ruzicka,P"]
[Result "1-0"]
[WhiteElo "2403"]
[BlackElo "2256"]

1.Nf3 Nf6 2.c4 c5 3.g3 b6 4.Bg2 Bb7 5.O-O e6 6.Nc3 Be7 7.d4 cxd4 8.Qxd4 O-O
9.Rd1 a6 10.Bf4 Bc5 11.Qd2 Bb4 12.Qc2 Nc6 13.a3 Be7 14.b4 Rc8 15.Qd3 Nb8
16.e4 d6 17.Rac1 e5 18.Bg5 h6 19.Bxf6 Bxf6 20.h4 Be7 21.Bh3 Rc6 22.Nd5 Bf6
23.Nh2 g6 24.Ng4 Bg7 25.h5 f5 26.exf5 gxf5 27.Nge3 e4 28.Qb3 Bc8 29.Nxb6 Be6
30.Nbd5 Be5 31.b5 axb5 32.cxb5 Rxc1 33.Rxc1 Qg5 34.Rc7 Kh8 35.Qc2 Bd4 36.Nf4  1-0

[Event "MTO"]
[Site "Biel SUI"]
[Date "2004.07.28"]
[Round "9"]
[White "Buss,R"]
[Black "Kritz,L"]
[Result "0-1"]
[WhiteElo "2303"]
[BlackElo "2541"]

1.Nf3 Nf6 2.c4 b6 3.g3 c5 4.Bg2 Bb7 5.O-O e6 6.Nc3 Be7 7.Re1 O-O 8.e4 d6
9.d4 cxd4 10.Nxd4 Qc8 11.Be3 Nbd7 12.f4 g6 13.Rc1 Re8 14.Bf2 a6 15.h3 Bf8
16.g4 e5 17.Nde2 Nc5 18.Nd5 Nfxe4 19.Bxe4 Nxe4 20.Bxb6 Qc6 21.Nec3 Nxc3 22.Rxc3 exf4
23.Rxe8 Rxe8 24.Bd4 Re6 25.Qd3 Bg7 26.Bxg7 Kxg7 27.Qd4+ Kg8 28.Kf2 g5 29.Rb3 h6
30.Rb6 Qc8 31.Rxd6 Rxd6 32.Ne7+ Kh7 33.Qxd6 Qxc4 34.Qd8 Qc2+ 35.Ke1 Qc1+
36.Ke2 f3+  0-1

[Event "Open Dutch Champ"]
[Site "Dieren NED"]
[Date "2004.07.29"]
[Round "3"]
[White "De Wit,T"]
[Black "Nagel,Y"]
[Result "1/2-1/2"]
[WhiteElo "2201"]
[BlackElo "2045"]

1.Nf3 Nf6 2.c4 e6 3.g3 b6 4.Bg2 Bb7 5.O-O c5 6.Nc3 Be7 7.b3 O-O 8.d4 cxd4
9.Qxd4 Nc6 10.Qd2 Bb4 11.Bb2 d5 12.Rad1 dxc4 13.Qg5 Nd7 14.Qg4 Nf6 15.Qxc4 Qe7
16.Nb5 a6 17.Nbd4 Na5 18.Qc1 Rfc8 19.Qg5 Bc3 20.Bxc3 Rxc3 21.Ne5 Bxg2 22.Kxg2 Qc5
23.Qf4 Rc8 24.Rd2 h6 25.Rfd1 Rc1 26.b4 Qxb4 27.Nd3 e5 28.Qxe5 Rxd1 29.Nxb4 Rxd2
30.Qf4 Rb2 31.Nxa6 Rxa2 32.g4 Ra4 33.e3 Nc6 34.Qf5 Ne7 35.Qb5 Ra2 36.Kf3 Ned5
37.h4 Ra5 38.Qd3 Nd7 39.Kg2 Ne5 40.Qb3 Nxg4 41.Kg3 Rc3 42.Qb2 Ngf6 43.Nb4 Nxb4
44.Qxb4 Nd5 45.Qd6 Rac5 46.Qd7 Nf6  1/2-1/2

[Event "14th Open"]
[Site "Abu Dhabi UAE"]
[Date "2004.08.15"]
[Round "2"]
[White "Taleb,M"]
[Black "Anastasian,A"]
[Result "0-1"]
[WhiteElo "2464"]
[BlackElo "2571"]

1.Nf3 c5 2.c4 Nf6 3.g3 b6 4.Bg2 Bb7 5.O-O e6 6.Nc3 Be7 7.b3 O-O 8.Bb2 d6
9.Re1 Ne4 10.Nxe4 Bxe4 11.d3 Bb7 12.d4 Be4 13.Qd2 Nd7 14.Rad1 Rc8 15.h4 h6
16.Nh2 Bxg2 17.Kxg2 cxd4 18.Qxd4 Nf6 19.Qf4 Ne8 20.e4 Qc7 21.Ng4 h5 22.Ne3 Qb7
23.Qf3 b5 24.Kg1 bxc4 25.Rc1 cxb3 26.Rxc8 Qxc8 27.axb3 Bf6 28.e5 Bxe5 29.Bxe5 dxe5
30.Ra1 Nf6 31.Rxa7 e4 32.Qe2 Qb8 33.Ra3 Rd8 34.Qb2 Qb4 35.Qa1 Rd3 36.Ra8+ Kh7
37.Qa7 Qe1+ 38.Kg2 Rxb3 39.Rb8 Rc3  0-1

[Event "14th Open"]
[Site "Abu Dhabi UAE"]
[Date "2004.08.16"]
[Round "3"]
[White "Mohamed,Ho"]
[Black "Illijin,N"]
[Result "1-0"]
[WhiteElo "2198"]
[BlackElo "2286"]

1.Nf3 Nf6 2.g3 b6 3.Bg2 Bb7 4.c4 c5 5.O-O e6 6.b3 Be7 7.Bb2 O-O 8.Nc3 d6
9.e3 Nbd7 10.d4 cxd4 11.Nxd4 Bxg2 12.Kxg2 Qc8 13.f4 Qb7+ 14.Qf3 Qxf3+ 15.Kxf3 Rfc8
16.Rad1 a6 17.g4 g6 18.h4 h5 19.g5 Ng4 20.Rd2 Bf8 21.Rfd1 e5 22.Nc2 b5 23.cxb5 axb5
24.Nb4 exf4 25.exf4 Re8 26.Ncd5 Rac8 27.Na6 Rc6 28.Nac7 Rxc7 29.Nxc7 Re3+
30.Kg2 Re4 31.Nd5 Nc5 32.Kf3 Re8 33.Re2 Ra8 34.Bf6 Nxf6 35.Nxf6+ Kg7 36.Ne8+ Kg8
37.Nxd6 Bxd6 38.Rxd6 b4 39.Rd4 Rb8 40.Rc4 Ne6 41.Ree4 Ra8 42.Rxb4 Rxa2 43.Rb8+ Kg7
44.Rc4 Ra3 45.Rcc8 Rxb3+ 46.Rxb3 Nd4+ 47.Ke4 Nxb3 48.Kd3 Na5 49.Rc7 Nb3 50.Kc3 Nc1
51.Re7 Na2+ 52.Kc4  1-0

[Event "WGM"]
[Site "Krk CRO"]
[Date "2004.08.29"]
[Round "4"]
[White "Srebrnic,A"]
[Black "Franciskovic,B"]
[Result "0-1"]
[WhiteElo "2257"]
[BlackElo "2121"]

1.Nf3 Nf6 2.c4 c5 3.g3 b6 4.Bg2 Bb7 5.O-O e6 6.b3 Be7 7.Bb2 d6 8.e3 Nbd7
9.Qe2 O-O 10.Ne1 Bxg2 11.Nxg2 Qc7 12.Nc3 a6 13.f4 d5 14.d3 Qb7 15.e4 dxe4
16.dxe4 Rad8 17.e5 Ne8 18.Rad1 Nc7 19.Ne4 Nb8 20.g4 Nc6 21.f5 Rxd1 22.Rxd1 Rd8
23.Rxd8+ Nxd8 24.f6 Bf8 25.fxg7 Bxg7 26.Nf4 Ne8 27.Nh5 Qd7 28.Qc2 Nc6 29.Nxg7 Kxg7
30.Ng5 h6 31.Nf3 Nb4 32.Qb1 Qd3 33.Qxd3 Nxd3 34.Ba3 f6 35.exf6+ Nxf6 36.Kf1 Nxg4
37.Ke2 Nf4+ 38.Kd2 Kf6 39.b4 cxb4 40.Bxb4 Kf5 41.h4 Ke4 42.Ne1 Kd4 43.Bd6 Ng6
44.Bc7 Nxh4 45.Bxb6+ Kxc4 46.Bd8 Nf5 47.Nd3 e5 48.Nc1 h5 49.Ke2 e4 50.Kf1 h4
51.Ne2 h3 52.Bg5 h2 53.Kg2 e3 54.Bf4 Kd3 55.Nc1+ Kd2 56.Nb3+ Kd1 57.Nc5 e2  0-1

[Event "Open"]
[Site "Kostrena CRO"]
[Date "2004.08.30"]
[Round "5"]
[White "Pahor,A"]
[Black "Kuttruf,A"]
[Result "1/2-1/2"]
[WhiteElo "2063"]
[BlackElo "2002"]

1.Nf3 Nf6 2.c4 c5 3.g3 b6 4.Bg2 Bb7 5.O-O e6 6.Nc3 Be7 7.d4 cxd4 8.Qxd4 d6
9.Bg5 a6 10.Rad1 Nbd7 11.Rfe1 Qc7 12.b3 Rc8 13.Rc1 Qb8 14.h3 O-O 15.Red1 Rfe8
16.Bxf6 gxf6 17.Qg4+ Kh8 18.Qh5 Kg7 19.Rd4 Nf8 20.Rh4 Rc5 21.Qh6+ Kh8 22.b4 Rc7
23.Rd1 Qd8 24.Rdd4 f5 25.Rh5 Bxf3 26.Bxf3 Bf6 27.Rd3 Rxc4 28.Nd1 d5 29.a3 Bg7
30.Qd2 Ng6 31.Ne3 Rc7 32.Nxd5 exd5 33.Rxd5 Qc8 34.Rdxf5 Rc2 35.Qd6 Re6 36.Qd3 Rc3
37.Qd2 Rc2 38.Qd3 Rc3 39.Qd2 Rc2 40.Qd3 Rc3  1/2-1/2

[Event "Open"]
[Site "Pune IND"]
[Date "2004.09.05"]
[Round "3"]
[White "Sharma,RP"]
[Black "Laxman,R"]
[Result "1/2-1/2"]
[WhiteElo "2354"]
[BlackElo "2417"]

1.Nf3 Nf6 2.c4 b6 3.g3 Bb7 4.Bg2 e6 5.O-O c5 6.Nc3 Be7 7.Re1 d5 8.cxd5 exd5
9.d4 O-O 10.Bf4 Ne4 11.dxc5 Bxc5 12.Nxe4 dxe4 13.Qxd8 Rxd8 14.Ne5 Na6 15.a3 Bd4
16.Rab1 g5 17.e3 gxf4 18.exd4 f3 19.Bf1 Rxd4 20.Bxa6 Bxa6 21.Nc6 Rd6 22.Rbc1 Be2
23.Ne7+ Kf8 24.Nf5 Rd2 25.b4 Rad8 26.h3 f6 27.g4 R8d7 28.Kh2 Ra2 29.Ra1 Rxa1
30.Rxa1 Rc7 31.Kg3 Bd3 32.Re1 Rc3 33.Nd6 Rxa3 34.Nxe4 Bxe4 35.Rxe4 b5 36.Rf4 Ke7
37.Rxf3 Ra4 38.Rf4 a5 39.bxa5 Rxa5 40.Rf5 Kf7 41.f3 Kg6 42.Rh5 Kg7 43.Rf5 Kg6
44.h4 Kg7 45.h5 Ra8  1/2-1/2

[Event "1st Kalamaria Open"]
[Site "Thessaloniki GRE"]
[Date "2004.09.06"]
[Round "4"]
[White "Mastrovasilis,A"]
[Black "Iskos,A"]
[Result "1-0"]
[WhiteElo "2488"]
[BlackElo "2035"]

1.Nf3 e6 2.c4 Nf6 3.g3 b6 4.Bg2 Bb7 5.O-O c5 6.Nc3 Be7 7.d4 cxd4 8.Qxd4 O-O
9.Rd1 Nc6 10.Qf4 Qb8 11.Qxb8 Raxb8 12.Bf4 Rbc8 13.Bd6 Rfd8 14.Nb5 Ne8 15.Bxe7 Nxe7
16.Nxa7 Rxc4 17.Ne5 Rc7 18.Nb5 Bxg2 19.Nxc7 Nxc7 20.Kxg2 d5 21.Rac1 Na6 22.Nc6 Nxc6
23.Rxc6 Rb8 24.Rdc1  1-0